Lịch sử Trung Quốc 5000 năm; T3

Na minha lista:
Detalhes bibliográficos
Autor principal: Lâm Hán Đạt
Formato: Livro
Idioma:Undetermined
Publicado em: Hà Nội VHTT 1998
Assuntos:
Tags: Adicionar Tag
Sem tags, seja o primeiro a adicionar uma tag!
Thư viện lưu trữ: Trung tâm Học liệu Trường Đại học Cần Thơ
LEADER 00544nam a2200193Ia 4500
001 CTU_27728
008 210402s9999 xx 000 0 und d
020 |b 40.000đ 
082 |a 895.1 
082 |b Đ110/T3 
100 |a Lâm Hán Đạt 
245 0 |a Lịch sử Trung Quốc 5000 năm; T3 
245 0 |c Lâm Hán Đạt, Tào Dư Chương 
260 |a Hà Nội 
260 |b VHTT 
260 |c 1998 
650 |a chinese literature 
904 |i Minh, 990102 
980 |a Trung tâm Học liệu Trường Đại học Cần Thơ